| 000 | 00621nam a22001337a 4500 | ||
|---|---|---|---|
| 040 | _cRUA | ||
| 082 | _aAGR.BB CHH 2010 B060 Or.1 | ||
| 100 | _aCHHIM, THIDA. | ||
| 245 | _aSeed rice using of farmer in thmorkol district, battabang province, ការប្រើប្រាស់ពូជស្រូវរបស់ប្រជាកសិករ ក្នុងស្រុកថ្មគោល ខេត្តបាត់ដំបង. | ||
| 260 |
_aphnom phen _bRUA _c2010 |
||
| 300 |
_aIX,50p. _bill. _c29cm. |
||
| 856 | _uhttps://drive.google.com/file/d/1cRf0LsBCDvXkEQ3jyL0L6eUW5NQbK5Jo/view?usp=sharing | ||
| 942 | _cAGRBB | ||
| 999 |
_c1427 _d1427 |
||